LEADER 03195nam 22006015 450 001 996478971703316 005 20230807212009.0 010 $a0-8232-6779-2 024 7 $a10.1515/9780823267798 035 $a(CKB)3710000000747360 035 $a(EBL)4705919 035 $a(MiAaPQ)EBC4705919 035 $a(DE-B1597)555328 035 $a(DE-B1597)9780823267798 035 $a(OCoLC)1178769660 035 $a(EXLCZ)993710000000747360 100 $a20200723h20152015 fg 101 0 $aeng 135 $aur|n|---||||| 181 $2rdacontent 182 $2rdamedia 183 $2rdacarrier 200 10$aTechnicians of Human Dignity $eBodies, Souls, and the Making of Intrinsic Worth /$fGaymon Bennett 210 1$aNew York, NY : $cFordham University Press, $d[2015] 210 4$dİ2015 215 $a1 online resource (337 p.) 225 0 $aJust Ideas 300 $aIncludes index. 327 $tFrontmatter -- $tContents -- $tPreface: The Motion of Inquiry -- $tintroduction. Figuring Human Dignity -- $t1. The Church, the Secular, and Pastoral Power -- $t2. The Ontology of Vocation: -- $t3. Incapacity by Design: Politics, Sovereignty, and Human Rights -- $t4. Dignity and Governance: The Universal Declaration of Human Rights -- $tdiagnostic excursus. Economies of Life and Power -- $t5. Bioethics and the Reconfiguration of Biopolitics -- $t6. The Biopolitical Pastoral: -- $tMethodological Epilogue: Toward an Anthropology of Figuration -- $tNotes -- $tIndex 330 $aTechnicians of Human Dignity traces the extraordinary rise of human dignity as a defining concern of religious, political, and bioethical institutions over the last half century and offers original insight into how human dignity has become threatened by its own success. The global expansion of dignitarian politics has left dignity without a stable set of meanings or referents, unsettling contemporary economies of life and power.Engaging anthropology, theology, and bioethics, Bennett grapples with contemporary efforts to mobilize human dignity as a counter-response to the biopolitics of the human body, and the breakdowns this has generated. To do this, he investigates how actors in pivotal institutions ?the Vatican, the United Nations, U.S. Federal Bioethics?reconceived human dignity as the bearer of intrinsic worth, only to become frustrated by the Sisyphean struggle of turning its conceptions into practice. 410 0$aJust Ideas (FUP) 606 $aRespect for persons 606 $aBioethics 606 $aHuman rights 610 $aBioethics. 610 $aCommission on Human Rights. 610 $aHuman Dignity. 610 $aPresident's Council on Bioethics. 610 $aVatican II. 610 $aanthropology. 610 $abiopower. 610 $ahuman rights. 615 0$aRespect for persons. 615 0$aBioethics. 615 0$aHuman rights. 676 $a179.7 700 $aBennett$b Gaymon, $4aut$4http://id.loc.gov/vocabulary/relators/aut$01071136 801 0$bDE-B1597 801 1$bDE-B1597 906 $aBOOK 912 $a996478971703316 996 $aTechnicians of Human Dignity$92565943 997 $aUNISA LEADER 02624oam 2200433 450 001 9910796080303321 005 20190911100039.0 010 0 $a9781118321669 010 0 $a1118321669 035 $a(OCoLC)827236396 035 $a(MiFhGG)GVRL8FHP 035 $a(EXLCZ)9924989719900041 100 $a20120907d2013 uy 0 101 0 $aeng 135 $aurun|---uuuua 181 $ctxt$2rdacontent 182 $cc$2rdamedia 183 $acr$2rdacarrier 200 10$aHollywood stardom /$fPaul McDonald 210 $aMalden, Mass. $cWiley-Blackwell$d2013 210 1$aChichester, West Sussex, UK :$cWiley-Blackwell,$d2013. 215 $a1 online resource (viii, 342 pages) $cillustrations 225 0 $aGale eBooks 320 $aIncludes bibliographical references and index. 327 $aIntroduction -- Star business. The symbolic commerce of Hollywood stardom -- Star-as-brand -- The extraordinary ordinariness of Tom Hanks -- Star system. Post-studio stardom -- Money and talent -- "The Will Smith business" -- Star performance. Spectacular acts -- Prestige stardom and the awards system -- Starring Julia Roberts -- Conclusion -- Appendix: Academy Award nominees and winners in the actress and actor in a leading role categories, 1990-2009. 330 $a"By integrating star studies and film industry studies, Hollywood Stardom reveals the inextricable bonds between culture and commerce in contemporary notions of film stardom. Integrates the traditions of star studies and industry studies to establish an original and innovative mode of analysis whereby the 'star image' is replaced with the 'star brand' Offers the first extensive analysis of stardom in the 'post-studio' era; Combines genre, narrative, acting, and discourse analysis with aspects of marketing theory and the economic analysis of the film market; Draws on an extensive body of research data not previously deployed in film scholarship; A wide range of star examples are explored including George Clooney, Mel Gibson, Tom Cruise, Daniel Day-Lewis, Tom Hanks, Will Smith, and Julia Roberts "--$cProvided by publisher. 606 $aMotion picture industry$zUnited States 606 $aMotion picture actors and actresses$zUnited States 606 $aFame$xSocial aspects$zUnited States 615 0$aMotion picture industry 615 0$aMotion picture actors and actresses 615 0$aFame$xSocial aspects 676 $a384/.80973 700 $aMcDonald$b Paul$f1963-$0694301 801 0$bMiFhGG 801 1$bMiFhGG 912 $a9910796080303321 996 $aHollywood Stardom$91729948 997 $aUNINA LEADER 01911nas 2200505-a 450 001 996200167703316 005 20240413022356.0 035 $a(CKB)110978977124068 035 $a(CONSER)---86648269- 035 $a(EXLCZ)99110978977124068 100 $a19860402a19859999 --- a 101 0 $aeng 181 $ctxt$2rdacontent 182 $cc$2rdamedia 183 $acr$2rdacarrier 200 10$aBuilders merchants journal $eBMJ 210 $a[Tonbridge, Kent] $cBenn Publications 215 $a1 online resource 311 08$aPrint version: Builders merchants journal (Tonbridge and Malling, England : 1985) 0268-1323 (DLC) 86648269 (OCoLC)13378043 517 3 $aBMJ 531 $aBUILDERS MERCHANTS JOURNAL THE BUSINESS JOURNAL FOR BUILDING SUPPLIES DISTRIBU 606 $aBuilding materials industry$zGreat Britain$vPeriodicals 606 $aLumber trade$zGreat Britain$vPeriodicals 606 $aHouse furnishings industry and trade$zGreat Britain$vPeriodicals 606 $aBuilding fittings industry$zGreat Britain$vPeriodicals 606 $aBuilding fittings industry$2fast$3(OCoLC)fst00840672 606 $aBuilding materials industry$2fast$3(OCoLC)fst00840771 606 $aHouse furnishings industry and trade$2fast$3(OCoLC)fst00961996 606 $aLumber trade$2fast$3(OCoLC)fst01003543 607 $aGreat Britain$2fast 608 $aPeriodicals.$2fast 615 0$aBuilding materials industry 615 0$aLumber trade 615 0$aHouse furnishings industry and trade 615 0$aBuilding fittings industry 615 7$aBuilding fittings industry. 615 7$aBuilding materials industry. 615 7$aHouse furnishings industry and trade. 615 7$aLumber trade. 676 $a381/.4568 906 $aJOURNAL 912 $a996200167703316 920 $aexl_impl conversion 996 $aBuilders merchants journal$92387934 997 $aUNISA